Loading...
| Literature - British Literature | 3 | 2 | 0 | 0 | 65 | 42 | 69.00 | 2 | 5 |
| Fine Arts - Auditory Fine Arts | 1 | 5 | 1 | 1 | 60 | 18 | 84.83 | 1 | 4 |
| Philosophy | 2 | 2 | 0 | 0 | 50 | 63 | 76.25 | 2 | 3 |
| History - World History | 1 | 3 | 0 | 0 | 45 | 36 | 80.50 | 1 | 3 |
| Literature - European Literature | 0 | 3 | 0 | 0 | 30 | 101 | 111.67 | 0 | 2 |
| Literature - World Literature | 1 | 1 | 0 | 0 | 25 | 66 | 92.00 | 0 | 2 |
| Mythology | 0 | 2 | 0 | 0 | 20 | 100 | 119.00 | 0 | 1 |
| Current Events | 0 | 1 | 0 | 0 | 10 | 87 | 87.00 | 0 | 0 |
| Fine Arts - Other Fine Arts | 1 | 0 | 1 | 0 | 10 | 68 | 68.00 | 0 | 1 |
| Literature - American Literature | 0 | 2 | 2 | 0 | 10 | 99 | 120.00 | 1 | 1 |
| Other Academic | 0 | 1 | 0 | 0 | 10 | 75 | 75.00 | 0 | 1 |
| History - American History | 0 | 1 | 1 | 0 | 5 | 87 | 87.00 | 1 | 1 |
| Religion | 0 | 1 | 1 | 0 | 5 | 119 | 119.00 | 0 | 1 |
| Social Science | 0 | 1 | 2 | 1 | 0 | 127 | 127.00 | 0 | 1 |
| Popular Culture | 0 | 0 | 1 | 0 | -5 | 0.00 | 0 | 0 | |
| History - Other History | 0 | 0 | 1 | 0 | -5 | 0.00 | 0 | 0 |